[Event "Budapest Karacsonyi op 5th"]
[Site "Budapest"]
[Date "2013.12.28"]
[Round "2"]
[White "Wallis, Janos"]
[Black "Toth, Antal"]
[Result "0-1"]
[WhiteElo "1256"]
[BlackElo "1604"]
[PlyCount "84"]
[EventDate "2013.12.27"]
[EventType "swiss"]
[EventRounds "7"]
[EventCountry "HUN"]
[SourceTitle "CBM 158 Extra"]
[Source "ChessBase"]
[SourceDate "2014.02.28"]
[SourceVersion "1"]
[SourceVersionDate "2014.02.28"]
[SourceQuality "1"]

1. e4 c5 2. Nf3 d6 3. d4 cxd4 4. Nxd4 Nf6 5. Nc3 a6 6. f3 g6 7. Be3 Bg7 8. Qd2 0-0 9. Bc4 e6 10. 0-0-0 b5 11. Bb3 Bb7 12. h4 Qc7 13. g4 Nbd7 14. Bh6 Nc5 15. h5 Nxb3+ 16. axb3 Rfe8 17. hxg6 fxg6 18. Bxg7 Qxg7 19. Qh6 e5 20. Qxg7+ Kxg7 21. Nde2 b4 22. Nd5 Bxd5 23. Rxd5 Nxd5 24. exd5 Rab8 25. Ng3 Rb5 26. Ne4 Rxd5 27. Rxh7+ Kxh7 28. Nf6+ Kh6 29. Nxd5 a5 30. Nf6 Rf8 31. g5+ Kg7 32. c3 Rc8 33. Kd2 bxc3+ 34. bxc3 Rb8 35. Kc2 Rb5 36. Ne8+ Kf8 37. Nxd6 Rd5 38. Nc4 Ke7 39. Ne3 Rc5 40. c4 Ke6 41. Kc3 Rc8 42. Kc2 Rf8 0-1